000 01288cam a2200229 4500
001 ABS66361
008 030204n2003 000 0 eng u
035 _a(Sirsi) u121237
245 _aSoS Defence v Spencer and another
260 _c2003
490 _aWeekly Law Reports
_v[2003] 1 WLR 75-86(11)
520 _a[2002] EWHC 2116 (ChD) 17 October 2002. Debated the application and interpretation of the Agricultural Holdings Act 1986 Sched 2 para 6. The SoS Defence (D) had appealed against an earlier hearing where it was decided that D's contention that the incorporation of additional land into an agricultural holding tenancy was not a provision 'for adjustment of the boundaries of the holding' under the Agricultural Holdings Act 1986 Sched 2 para 6. As a result of this appeal it was held that it was a provision 'for any other variation of the terms of the tenancy' under the same paragraph.
590 _aABS
650 _aAGRICULTURAL HOLDINGS ACT 1986 SCHED 2 PARA 6
650 _aSOS DEFENCE V SPENCER AND ANOTHER
650 _aAGRICULTURAL HOLDINGS
650 _aPROPERTY-LANDLORD AND TENANT-TENANCIES-AGRICULTURAL TENANCIES
650 _aRENT REVIEWS
650 _aMANN V GARDNER
690 _aLANDLORD AND TENANT-AGRICULTURAL TENANCIES-CASE LAW
942 _n0
999 _c72051
_d72051